Mortgage Repossessions (Protection of Tenants etc) Act 2010 (Record no. 110604)
[ view plain ]
| 000 -LEADER | |
|---|---|
| fixed length control field | 01063cam a22002175a 4500 |
| 001 - CONTROL NUMBER | |
| control field | L149698 |
| 008 - FIXED-LENGTH DATA ELEMENTS--GENERAL INFORMATION | |
| fixed length control field | 100412s2010 xxk f 000 0 eng d |
| 035 ## - SYSTEM CONTROL NUMBER | |
| System control number | (Sirsi) u149698 |
| 041 0# - LANGUAGE CODE | |
| Language code of text/sound track or separate title | eng |
| 050 04 - LIBRARY OF CONGRESS CALL NUMBER | |
| Classification number | 306.1 $2 18 |
| 110 2# - MAIN ENTRY--CORPORATE NAME | |
| Corporate name or jurisdiction name as entry element | United Kingdom |
| Form subheading | Laws, etc |
| 9 (RLIN) | 5044 |
| 245 00 - TITLE STATEMENT | |
| Title | Mortgage Repossessions (Protection of Tenants etc) Act 2010 |
| Medium | [electronic resource] |
| 260 ## - PUBLICATION, DISTRIBUTION, ETC. | |
| Place of publication, distribution, etc. | London |
| Name of publisher, distributor, etc. | OPSI |
| Date of publication, distribution, etc. | 2010 |
| 520 ## - SUMMARY, ETC. | |
| Summary, etc. | Protection for tenants whose landlords are facing mortgage repossessions in situations where tenancies are not binding on mortgagees. Powers of Court to postpone giving of possession. Sets out procedure for notice of execution of possession order. Comes into force on 1 October 2010. |
| 590 ## - LOCAL NOTE (RLIN) | |
| Local note | KA NTK |
| 650 24 - SUBJECT ADDED ENTRY--TOPICAL TERM | |
| Topical term or geographic name entry element | MORTGAGE REPOSSESSIONS (PROTECTION OF TENANTS ETC) ACT 2010 |
| 651 #4 - SUBJECT ADDED ENTRY--GEOGRAPHIC NAME | |
| Geographic name | ENGLAND AND WALES |
| 690 ## - LOCAL SUBJECT ADDED ENTRY--TOPICAL TERM (OCLC, RLIN) | |
| Topical term or geographic name as entry element | PROPERTY-RESIDENTIAL PROPERTY-ACQUISTION AND DISPOSAL OF RESIDENTIAL PROPERTY |
| 856 48 - ELECTRONIC LOCATION AND ACCESS | |
| Uniform Resource Identifier | <a href="https://www.opsi.gov.uk/acts/acts2010/ukpga_20100019_en_1">https://www.opsi.gov.uk/acts/acts2010/ukpga_20100019_en_1</a> |
| Public note | View this item free of charge at www.opsi.gov.uk |
| 942 ## - ADDED ENTRY ELEMENTS (KOHA) | |
| Suppress in OPAC | 0 |
| Withdrawn status | Lost status | Source of classification or shelving scheme | Damaged status | Not for loan | Home library | Current library | Shelving location | Date acquired | Total Checkouts | Full call number | Barcode | Date last seen | Copy number | Price effective from | Koha item type |
|---|---|---|---|---|---|---|---|---|---|---|---|---|---|---|---|
| Dewey Decimal Classification | Virtual | Virtual | Online | 12/04/2010 | ONLINE PUBLICATION | 149698-2001 | 06/08/2019 | 1 | 06/08/2019 | Book |